Elle m'a dit-Still Fresh - Statistiques

Statistiques générales
  • Ce quiz a été pris 49 fois
  • Le résultat moyen est 188 sur 277
Statistiques - réponses
Réponse % Correct
dit
100%
elle
100%
elle
100%
m'a
100%
que
97%
qu'elle
97%
à
94%
a
94%
me
94%
ne
94%
plus
94%
même
91%
pense
91%
quand
91%
le
88%
la
88%
l'aime
88%
le
88%
lui
88%
mais
88%
de
85%
l'voit
85%
ce
82%
pas
82%
je
76%
qui
67%
se
67%
ça
64%
fait
64%
ses
64%
tu
64%
coeur
61%
face
61%
j'ai
61%
moi
61%
pour
61%
alors
58%
apporter
58%
c'est
58%
défonce
58%
expériences
58%
froid
58%
glace
58%
sait
58%
t'a
58%
voile
58%
bien
55%
c'que
55%
d'la
55%
oublie
55%
ton
55%
train
55%
baby
52%
comme
52%
démons
52%
détendre
52%
sans
52%
du
52%
fais
52%
forgé
52%
gars
52%
idée
52%
il
52%
laisse
52%
l'éloigne
52%
mauvaise
52%
m'connaît
52%
m'en
52%
mieux
52%
sans
52%
souffrance
52%
t'es
52%
tes
52%
tomber
52%
un
52%
vaux
52%
ah
48%
aux
48%
blasé
48%
côté
48%
dénombre
48%
hommes
48%
l'ivresse
48%
l'ont
48%
mama
48%
mérité
48%
mien
48%
mille
48%
morceaux
48%
passées
48%
perdre
48%
qu'il
48%
si
48%
temps
48%
corner
45%
d'vie
45%
eux
45%
jamais
45%
j'mène
45%
j'plane
45%
j'suis
45%
perds
45%
prête
45%
quoi
45%
rappeler
45%
sache
45%
s'attendre
45%
sur
45%
vais
45%
vérité
45%
l'as
42%
sais
42%
tout
42%
coup
39%
dans
39%
l'ombre
39%
m'connais
39%
son
39%
toi
39%
fut
36%
les
36%
plein
36%
points
36%
qu'en
36%
d'amour
33%
défense
33%
dur
33%
futur
33%
on
33%
parle
33%
parler
33%
amour
30%
l'temps
30%
suture
30%
vu
30%
cour
27%
croit
27%
j'te
24%
ferais
21%
jouer
21%
lovers
21%
tous
21%
doutes
18%
j'fly
18%
hustler
12%
Aucun quiz correspondant
Distribution des résultats
% des personnes avec chaque résultat
Percentile par nombre de réponses
Votre historique - résultats
Vous n’avez pas pris ce quiz